<?xml version="1.0" encoding="UTF-8"?>
<collection xmlns="http://www.loc.gov/MARC21/slim">
 <record>
  <leader>02835aam a22003618a 4500</leader>
  <controlfield tag="001">NCT_12888</controlfield>
  <controlfield tag="008">130718s2013                  ||||||viesd</controlfield>
  <datafield tag="999" ind1=" " ind2=" ">
   <subfield code="c">613</subfield>
   <subfield code="d">613</subfield>
  </datafield>
  <datafield tag="020" ind1=" " ind2=" ">
   <subfield code="c">75000</subfield>
   <subfield code="a">9786048636760</subfield>
  </datafield>
  <datafield tag="082" ind1="0" ind2="4">
   <subfield code="2">23rd ed.</subfield>
   <subfield code="a">346.07</subfield>
   <subfield code="b">H103</subfield>
  </datafield>
  <datafield tag="100" ind1="1" ind2=" ">
   <subfield code="a">Bùi Xuân Hải</subfield>
   <subfield code="e">Chủ biên</subfield>
  </datafield>
  <datafield tag="245" ind1="0" ind2="0">
   <subfield code="a">Giáo trình pháp luật về chủ thể kinh doanh</subfield>
   <subfield code="c">Bùi Xuân Hải (chủ biên)</subfield>
  </datafield>
  <datafield tag="260" ind1=" " ind2=" ">
   <subfield code="a">H.</subfield>
   <subfield code="b">Hồng Đức ; Hội Luật gia Việt Nam</subfield>
   <subfield code="c">2015</subfield>
  </datafield>
  <datafield tag="300" ind1=" " ind2=" ">
   <subfield code="a">523tr.</subfield>
   <subfield code="c">21cm</subfield>
  </datafield>
  <datafield tag="500" ind1=" " ind2=" ">
   <subfield code="a">ĐTTS ghi: Trường đại học Luật Tp. Hồ Chí Minh</subfield>
  </datafield>
  <datafield tag="520" ind1="3" ind2=" ">
   <subfield code="a">Trình bày những vấn đề lý luận về các mô hình tổ chức kinh doanh và giải quyết phá sản doanh nghiệp, hợp tác xã; phân tích pháp luật thực định về các loại hình tổ chức kinh doanh ở Việt Nam và giải quyết yêu cầu tuyên bố phá sản các doanh nghiệp và hợp tác xã</subfield>
  </datafield>
  <datafield tag="653" ind1=" " ind2=" ">
   <subfield code="a">Luật học</subfield>
  </datafield>
  <datafield tag="655" ind1=" " ind2="7">
   <subfield code="a">Giáo trình</subfield>
  </datafield>
  <datafield tag="700" ind1="1" ind2=" ">
   <subfield code="a">Trần Hoàng Nga</subfield>
  </datafield>
  <datafield tag="700" ind1="1" ind2=" ">
   <subfield code="a">Nguyễn Thị Thanh Huyền</subfield>
  </datafield>
  <datafield tag="700" ind1="1" ind2=" ">
   <subfield code="a">Nguyễn Hoàng Thuỳ Trang</subfield>
  </datafield>
  <datafield tag="700" ind1="1" ind2=" ">
   <subfield code="a">Hà Thị Thanh Bình</subfield>
  </datafield>
  <datafield tag="942" ind1=" " ind2=" ">
   <subfield code="2">ddc</subfield>
   <subfield code="c">BK</subfield>
  </datafield>
  <datafield tag="952" ind1=" " ind2=" ">
   <subfield code="0">0</subfield>
   <subfield code="1">0</subfield>
   <subfield code="2">ddc</subfield>
   <subfield code="4">0</subfield>
   <subfield code="6">346_070000000000000_H103</subfield>
   <subfield code="7">0</subfield>
   <subfield code="9">4456</subfield>
   <subfield code="a">000001</subfield>
   <subfield code="b">000001</subfield>
   <subfield code="d">2017-11-27</subfield>
   <subfield code="l">4</subfield>
   <subfield code="m">1</subfield>
   <subfield code="o">346.07 H103</subfield>
   <subfield code="p">MD.02787</subfield>
   <subfield code="r">2021-01-26</subfield>
   <subfield code="s">2021-01-11</subfield>
   <subfield code="v">75000.00</subfield>
   <subfield code="w">2017-11-27</subfield>
   <subfield code="y">BK</subfield>
  </datafield>
  <datafield tag="952" ind1=" " ind2=" ">
   <subfield code="0">0</subfield>
   <subfield code="1">0</subfield>
   <subfield code="2">ddc</subfield>
   <subfield code="4">0</subfield>
   <subfield code="6">346_070000000000000_H103</subfield>
   <subfield code="7">0</subfield>
   <subfield code="9">4457</subfield>
   <subfield code="a">000001</subfield>
   <subfield code="b">000001</subfield>
   <subfield code="d">2017-11-27</subfield>
   <subfield code="l">5</subfield>
   <subfield code="m">1</subfield>
   <subfield code="o">346.07 H103</subfield>
   <subfield code="p">MD.02788</subfield>
   <subfield code="r">2021-01-29</subfield>
   <subfield code="s">2021-01-15</subfield>
   <subfield code="v">75000.00</subfield>
   <subfield code="w">2017-11-27</subfield>
   <subfield code="y">BK</subfield>
  </datafield>
  <datafield tag="952" ind1=" " ind2=" ">
   <subfield code="0">0</subfield>
   <subfield code="1">0</subfield>
   <subfield code="2">ddc</subfield>
   <subfield code="4">0</subfield>
   <subfield code="6">346_070000000000000_H103</subfield>
   <subfield code="7">0</subfield>
   <subfield code="9">4458</subfield>
   <subfield code="a">000001</subfield>
   <subfield code="b">000001</subfield>
   <subfield code="d">2017-11-27</subfield>
   <subfield code="l">5</subfield>
   <subfield code="o">346.07 H103</subfield>
   <subfield code="p">MD.02789</subfield>
   <subfield code="r">2021-01-19</subfield>
   <subfield code="s">2021-01-11</subfield>
   <subfield code="v">75000.00</subfield>
   <subfield code="w">2017-11-27</subfield>
   <subfield code="y">BK</subfield>
  </datafield>
  <datafield tag="952" ind1=" " ind2=" ">
   <subfield code="0">0</subfield>
   <subfield code="1">0</subfield>
   <subfield code="2">ddc</subfield>
   <subfield code="4">0</subfield>
   <subfield code="6">346_070000000000000_H103</subfield>
   <subfield code="7">0</subfield>
   <subfield code="9">4459</subfield>
   <subfield code="a">000001</subfield>
   <subfield code="b">000001</subfield>
   <subfield code="d">2017-11-27</subfield>
   <subfield code="l">1</subfield>
   <subfield code="o">346.07 H103</subfield>
   <subfield code="p">MD.02790</subfield>
   <subfield code="r">2018-03-05</subfield>
   <subfield code="s">2018-03-02</subfield>
   <subfield code="v">75000.00</subfield>
   <subfield code="w">2017-11-27</subfield>
   <subfield code="y">BK</subfield>
  </datafield>
  <datafield tag="952" ind1=" " ind2=" ">
   <subfield code="0">0</subfield>
   <subfield code="1">0</subfield>
   <subfield code="2">ddc</subfield>
   <subfield code="4">0</subfield>
   <subfield code="6">346_070000000000000_H103</subfield>
   <subfield code="7">0</subfield>
   <subfield code="9">4460</subfield>
   <subfield code="a">000001</subfield>
   <subfield code="b">000001</subfield>
   <subfield code="d">2017-11-27</subfield>
   <subfield code="l">5</subfield>
   <subfield code="o">346.07 H103</subfield>
   <subfield code="p">MD.02881</subfield>
   <subfield code="r">2021-01-29</subfield>
   <subfield code="s">2021-01-15</subfield>
   <subfield code="v">75000.00</subfield>
   <subfield code="w">2017-11-27</subfield>
   <subfield code="y">BK</subfield>
  </datafield>
  <datafield tag="952" ind1=" " ind2=" ">
   <subfield code="0">0</subfield>
   <subfield code="1">0</subfield>
   <subfield code="2">ddc</subfield>
   <subfield code="4">0</subfield>
   <subfield code="6">346_070000000000000_H103</subfield>
   <subfield code="7">0</subfield>
   <subfield code="9">4461</subfield>
   <subfield code="a">000001</subfield>
   <subfield code="b">000001</subfield>
   <subfield code="d">2017-11-27</subfield>
   <subfield code="l">3</subfield>
   <subfield code="o">346.07 H103</subfield>
   <subfield code="p">MD.02882</subfield>
   <subfield code="r">2020-01-15</subfield>
   <subfield code="s">2020-01-06</subfield>
   <subfield code="v">75000.00</subfield>
   <subfield code="w">2017-11-27</subfield>
   <subfield code="y">BK</subfield>
  </datafield>
  <datafield tag="952" ind1=" " ind2=" ">
   <subfield code="0">0</subfield>
   <subfield code="1">0</subfield>
   <subfield code="2">ddc</subfield>
   <subfield code="4">0</subfield>
   <subfield code="6">346_070000000000000_H103</subfield>
   <subfield code="7">0</subfield>
   <subfield code="9">4462</subfield>
   <subfield code="a">000001</subfield>
   <subfield code="b">000001</subfield>
   <subfield code="d">2017-11-27</subfield>
   <subfield code="l">1</subfield>
   <subfield code="o">346.07 H103</subfield>
   <subfield code="p">MD.02883</subfield>
   <subfield code="r">2020-07-20</subfield>
   <subfield code="s">2019-11-07</subfield>
   <subfield code="v">75000.00</subfield>
   <subfield code="w">2017-11-27</subfield>
   <subfield code="y">BK</subfield>
  </datafield>
  <datafield tag="952" ind1=" " ind2=" ">
   <subfield code="0">0</subfield>
   <subfield code="1">0</subfield>
   <subfield code="2">ddc</subfield>
   <subfield code="4">0</subfield>
   <subfield code="6">346_070000000000000_H103</subfield>
   <subfield code="7">0</subfield>
   <subfield code="9">4463</subfield>
   <subfield code="a">000001</subfield>
   <subfield code="b">000001</subfield>
   <subfield code="d">2017-11-27</subfield>
   <subfield code="l">6</subfield>
   <subfield code="o">346.07 H103</subfield>
   <subfield code="p">MD.02884</subfield>
   <subfield code="r">2021-01-29</subfield>
   <subfield code="s">2021-01-15</subfield>
   <subfield code="v">75000.00</subfield>
   <subfield code="w">2017-11-27</subfield>
   <subfield code="y">BK</subfield>
  </datafield>
  <datafield tag="952" ind1=" " ind2=" ">
   <subfield code="0">0</subfield>
   <subfield code="1">0</subfield>
   <subfield code="2">ddc</subfield>
   <subfield code="4">0</subfield>
   <subfield code="6">346_070000000000000_H103</subfield>
   <subfield code="7">0</subfield>
   <subfield code="9">4464</subfield>
   <subfield code="a">000001</subfield>
   <subfield code="b">000001</subfield>
   <subfield code="d">2017-11-27</subfield>
   <subfield code="l">6</subfield>
   <subfield code="o">346.07 H103</subfield>
   <subfield code="p">MD.02885</subfield>
   <subfield code="r">2021-01-19</subfield>
   <subfield code="s">2021-01-11</subfield>
   <subfield code="v">75000.00</subfield>
   <subfield code="w">2017-11-27</subfield>
   <subfield code="y">BK</subfield>
  </datafield>
  <datafield tag="980" ind1=" " ind2=" ">
   <subfield code="a">Thư viện Trường Đại học Nam Cần Thơ</subfield>
  </datafield>
 </record>
</collection>
